The miracles of the blessed Virgin Mary, and the Luife of Hanna, Saint Anne, and the magical prayers of 'Aheta Mikael
I tiakina i:
| Kaituhi matua: | |
|---|---|
| Hōputu: | Pukapuka |
| Reo: | Ingarihi Amahereka |
| I whakaputaina: |
Londres
W. Griggs, Chromo Lithographer to Her Majesty the Queen
1900
|
| Putanga: | 1a. ed |
| Ngā marau: | |
| Ngā Tūtohu: |
Tāpirihia he Tūtohu
Kāore He Tūtohu, Me noho koe te mea tuatahi ki te tūtohu i tēnei pūkete!
|
MARC
| LEADER | 00000nam a2200000 a 4500 | ||
|---|---|---|---|
| 001 | UCJ8131 | ||
| 003 | CL-VaPUC | ||
| 008 | 070124e19000000UK |||||||||||||||||eng|d | ||
| 041 | 0 | 7 | |a eng |2 CL-VaPUC |
| 041 | 0 | 7 | |a amh |2 CL-VaPUC |
| 082 | 0 | 4 | |a 090 |b WAL |2 21 |
| 100 | |a Wallis Budge, Ernest Alfred |e author |9 516815 | ||
| 245 | 1 | 4 | |a The miracles of the blessed Virgin Mary, and the Luife of Hanna, Saint Anne, and the magical prayers of 'Aheta Mikael |
| 246 | 1 | 4 | |a The Ethiopic texts edited with english translations, etc. by E. A. Wallis Budge, M.A., Litt.D., D. Litt., F.S.A. with one hundred and eleven coloured plates |
| 250 | |a 1a. ed | ||
| 300 | |a pág. irreg | ||
| 942 | |c BK | ||
| 945 | |d 20070124 00:00:00 |a rinostro | ||
| 260 | |a Londres |b W. Griggs, Chromo Lithographer to Her Majesty the Queen |c 1900 | ||
| 500 | |a Libro raro por su gran tamaño, (.39x.35x.13 mts.) y sus ilustraciones | ||
| 500 | |a Ilustraciones conforme a lo señalado en la Tabla respectiva | ||
| 650 | 0 | |a Mariología |9 365249 | |
| 650 | 0 | |a Ilustraciones |9 369481 | |
| 650 | 0 | |a Iconografía |9 267998 | |
| 650 | 7 | |a LITERATURA CRISTIANA PRIMITIVA |2 CL-VaPUC |9 516814 | |
| 650 | 7 | |a ORACIONES |2 CL-VaPUC |9 319212 | |
| 650 | 7 | |a MILAGROS |2 CL-VaPUC |9 334044 | |
| 650 | 7 | |a HAGIOGRAFIA |2 CL-VaPUC |9 506102 | |
| 650 | 7 | |a LIBRO RARO |2 CL-VaPUC |9 504169 | |
| 583 | |a last modification |c 20070124 00:00:00 |k Rodrigo Vera | ||
| 999 | |c 323928 |d 323926 | ||
| 952 | |0 0 |1 0 |4 0 |6 090_000000000000000_WAL_1900 |7 0 |8 X |9 403787 |a FDOBUD |b FDOBUD |d 2019-11-22 |i 1060864 |o 090 WAL 1900 |p 1060864 |r 2019-11-22 |w 2019-11-22 |y BK_X |k BUD | ||